[Event "18th ch-EUR Indiv 2017"]
[Site "Minsk BLR"]
[Date "2017.06.10"]
[Round "11.54"]
[White "Bosiocic,Mari"]
[Black "Matinian,N"]
[Result "1-0"]
[WhiteElo "2603"]
[BlackElo "2491"]

1.d4 Nf6 2.Nf3 g6 3.c4 Bg7 4.Nc3 d5 5.cxd5 Nxd5 6.e4 Nxc3 7.bxc3 c5 8.Be3 Qa5
9.Qd2 O-O 10.Rb1 cxd4 11.cxd4 Qxd2+ 12.Kxd2 Rd8 13.Bd3 Nc6 14.d5 Na5 15.Ke2 e6
16.Bg5 f6 17.Bd2 b6 18.Bxa5 bxa5 19.Bc4 exd5 20.Bxd5+ Kh8 21.Bxa8 Ba6+ 22.Ke1
Rxa8 23.Kd2 Bf8 24.Kc3 Re8 25.Rhd1 Bb4+ 26.Kd4 g5 27.Ne1 Kg7 28.Nd3 Bd6 29.Nc5
Be2 30.Rd2 Bh5 31.Rb7+ Bf7 32.g3 Kg6 33.f4 Bg8 34.f5+ Kh6 35.Ne6 Bxe6 36.fxe6
Bb4 37.Rc2 Rxe6 38.Rcc7 Kh5 39.Rxh7+ Kg4 40.Rb5 Rc6 41.h4 Rc1 42.hxg5 fxg5
43.Rxa7 Rd1+ 44.Ke5 Kxg3 45.a3 Bc3+ 46.Kf5 g4 47.e5 Rf1+ 48.Kg6 Kg2 49.Rc7 Ba1
50.e6 Rf6+ 51.Kg5 g3 52.e7 Re6 53.Kf5 Re3 54.Rb8 Re5+ 55.Kf4 {#r} 1-0

[Event "18th ch-EUR Indiv 2017"]
[Site "Minsk BLR"]
[Date "2017.06.10"]
[Round "11.80"]
[White "Tunik,G"]
[Black "Sedlak,N"]
[Result "0-1"]
[WhiteElo "2384"]
[BlackElo "2523"]

1.d4 Nf6 2.c4 g6 3.Nc3 d5 4.cxd5 Nxd5 5.e4 Nxc3 6.bxc3 Bg7 7.Nf3 c5 8.Be3 Qa5
9.Qd2 Nd7 10.Bd3 O-O 11.Rc1 e5 12.dxe5 Nxe5 13.Nxe5 Bxe5 14.Bc4 Rd8 15.Bd5 Be6
16.c4 Qxd2+ 17.Kxd2 b5 18.Kd3 a6 19.f4 Bc7 20.g3 Bxd5 21.exd5 Bd6 22.a3 Bf8
23.Rhd1 h5 24.f5 gxf5 25.Rf1 bxc4+ 26.Kxc4 Re8 27.Bxc5 Rac8 28.d6 Re5 29.Kb4
a5+ 30.Ka4 Rcxc5 31.Rxc5 Rxc5 32.Rd1 Rc8 33.d7 Rd8 34.Rd3 Kg7 35.Kxa5 Bxa3
36.Rxa3 Rxd7 37.Kb6 Rd2 38.h4 Rc2 39.Kb5 Kf6 40.Kb4 Ke5 41.Re3+ Kd4 42.Rf3 Ke4
43.Rf4+ Ke5 44.Rf3 f6 45.Re3+ Kd4 46.Rf3 Ke4 47.Rf4+ Ke5 48.Rf1 Rg2 49.Rf3 f4
50.gxf4+ Ke4 51.Rf1 f5 52.Kc3 Rh2 53.Ra1 Rxh4 {#R} 0-1

[Event "12th American Continental"]
[Site "Medellin COL"]
[Date "2017.06.11"]
[Round "2.31"]
[White "Otalora,C"]
[Black "Molina,Rob"]
[Result "0-1"]
[WhiteElo "2175"]
[BlackElo "2464"]

1.d4 Nf6 2.Nf3 g6 3.c4 Bg7 4.Nc3 d5 5.cxd5 Nxd5 6.e4 Nxc3 7.bxc3 c5 8.Rb1 O-O
9.Be2 Nc6 10.d5 Ne5 11.Nxe5 Bxe5 12.Qd2 Bc7 13.f4 e6 14.O-O exd5 15.exd5 Ba5
16.d6 Rb8 17.Ba3 Bf5 18.Rbd1 Qf6 19.Bxc5 Bxc3 20.Qd5 b6 21.Bd4 Bxd4+ 22.Rxd4
Rfc8 23.Rfd1 Rc5 24.Qf3 Rd8 25.Bc4 b5 26.Bd5 Rc1 27.Rd2 Rxd1+ 28.Qxd1 Qc3
29.Qe2 Qc5+ 30.Kh1 Kg7 31.Qe5+ Kh6 32.Bf3 Qxe5 33.fxe5 Kg5 34.Rd4 Be6 35.a4 a6
36.axb5 axb5 37.Rb4 Bd7 38.Be2 {#R} 0-1

[Event "12th American Continental"]
[Site "Medellin COL"]
[Date "2017.06.11"]
[Round "2.35"]
[White "Chumpitaz,A"]
[Black "Gallego Alcaraz,A"]
[Result "1-0"]
[WhiteElo "2163"]
[BlackElo "2453"]

1.d4 Nf6 2.c4 g6 3.Nc3 d5 4.cxd5 Nxd5 5.e4 Nxc3 6.bxc3 c5 7.Bb5+ Nd7 8.Nf3 Bg7
9.O-O O-O 10.a4 a6 11.Be2 b6 12.Be3 Bb7 13.Qb1 Qc7 14.Ra2 e6 15.Rd1 Rfc8 16.h4
cxd4 17.cxd4 Qd8 18.Bg5 Bf6 19.Ra3 Qe7 20.Re3 Bxg5 21.Nxg5 f6 22.Nh3 Kh8
23.Nf4 Rab8 24.Qa2 Nf8 25.Bc4 Re8 26.Qa1 Qc7 27.Nd3 Rbd8 28.Bb3 Rd7 29.d5 e5
30.f4 Rg7 31.fxe5 fxe5 32.Rf3 Qd6 33.Nxe5 Rxe5 34.Rxf8+ Rg8 35.Rdf1 {#r} 1-0

[Event "CHN Team Men 2017"]
[Site "Beijing CHN"]
[Date "2017.06.12"]
[Round "7.3"]
[White "Zhang,Ziji"]
[Black "Bai,Jinshi"]
[Result "1-0"]
[WhiteElo "2362"]
[BlackElo "2573"]
[EventType "team"]

1.d4 Nf6 2.c4 g6 3.Nc3 d5 4.cxd5 Nxd5 5.Bd2 Bg7 6.e4 Nxc3 7.Bxc3 O-O 8.Qd2 c5
9.d5 e6 10.Bc4 Bxc3 11.bxc3 b5 12.Bxb5 exd5 13.exd5 Nd7 14.Ne2 Bb7 15.O-O Nb6
16.Nf4 Nxd5 17.Rfd1 Nf6 18.Qe3 Qc7 19.h3 Rad8 20.Rxd8 Rxd8 21.Re1 Ne4 22.f3
Nxc3 23.Nh5 Qd6 24.Qxc3 gxh5 25.Re5 Qd4+ 26.Qxd4 cxd4 27.Bd3 Rc8 28.Rxh5 Rc3
29.Bxh7+ Kg7 30.Kf2 Bc8 31.Bb1 Rc1 32.Be4 Ba6 33.Ra5 d3 34.Rd5 Bc4 35.Rd4 Rc2+
36.Kg3 Rc3 37.a4 Kf6 38.Kf4 a5 39.h4 Ke6 40.h5 Ba6 {#r} 1-0

[Event "9th Capo d'Orso Open 2017"]
[Site "Porto Mannu Palau ITA"]
[Date "2017.06.06"]
[Round "4.6"]
[White "De Francesco,K"]
[Black "Beshukov,S"]
[Result "0-1"]
[WhiteElo "2235"]
[BlackElo "2404"]

1.d4 Nf6 2.c4 g6 3.Nc3 d5 4.Nf3 Bg7 5.cxd5 Nxd5 6.Bg5 Nxc3 7.bxc3 O-O 8.e3 c5
9.Be2 Nc6 10.O-O Qc7 11.Rc1 Rd8 12.Qa4 b6 13.Rfd1 Bb7 14.e4 Na5 15.d5 c4
16.Qb4 Bf8 17.Qb1 Re8 18.e5 f6 19.Bf4 Rad8 20.Bg3 f5 21.Rd4 Rxd5 22.Rcd1 e6
23.h4 Bc5 24.Rxd5 Bxd5 25.Qc1 Qg7 26.Bf4 Nc6 27.Bh6 Qc7 28.h5 Nxe5 29.hxg6
Nxf3+ 30.Bxf3 Bxf3 31.gxh7+ Kxh7 32.Qg5 Rg8 {#R} 0-1

[Event "CHN Team Men 2017"]
[Site "Beijing CHN"]
[Date "2017.06.10"]
[Round "5.4"]
[White "Li Shilong"]
[Black "Lou Yiping"]
[Result "1-0"]
[WhiteElo "2524"]
[BlackElo "2468"]
[EventType "team"]

1.d4 Nf6 2.c4 g6 3.Nf3 Bg7 4.Nc3 d5 5.cxd5 Nxd5 6.e3 O-O 7.Bc4 Nb6 8.Bb3 Na6
9.O-O c5 10.h3 Bf5 11.Qe2 Rc8 12.e4 cxd4 13.Rd1 Bd7 14.Nxd4 Qc7 15.Ndb5 Qb8
16.Bg5 Rfe8 17.Qf3 Bxb5 18.Bxf7+ Kh8 19.Nxb5 Qe5 20.Bxe8 Rxe8 21.Qf7 Qxb5
22.a4 Qc6 23.Rac1 Qxa4 24.Bxe7 Rb8 25.Bf6 Bxf6 26.Qxf6+ Kg8 27.Rd4 Qb5 28.Rcd1
Re8 29.Rd8 Nc7 30.Rxe8+ Nxe8 31.Rd8 Qd7 32.Qxb6 {#r} 1-0

[Event "18th ch-EUR Indiv 2017"]
[Site "Minsk BLR"]
[Date "2017.06.06"]
[Round "7.92"]
[White "Pustovoitova,D"]
[Black "Gledura,B"]
[Result "0-1"]
[WhiteElo "2420"]
[BlackElo "2602"]

1.d4 Nf6 2.c4 g6 3.Nf3 Bg7 4.Nc3 d5 5.Bf4 O-O 6.e3 c5 7.dxc5 Ne4 8.Rc1 Nd7
9.cxd5 Qa5 10.Nd4 Ndxc5 11.Bc4 Nxc3 12.bxc3 Bd7 13.O-O Rac8 14.Bb3 Rfe8 15.Bg3
b5 16.c4 b4 17.f4 Ne4 18.Be1 Qc5 19.Qd3 f5 20.Nf3 e6 21.Rb1 a5 22.Nd4 e5
23.fxe5 Bxe5 24.Rc1 Nf6 25.Bg3 Bxg3 26.hxg3 Ng4 27.Rfe1 Re4 28.Bd1 Nxe3
29.Rxe3 Rxd4 30.Qe2 Re4 31.Kf2 Rce8 {#R} 0-1

[Event "10th Mayors Cup Open 2017"]
[Site "Mumbai IND"]
[Date "2017.06.09"]
[Round "8.29"]
[White "Raghunandan,K"]
[Black "Raghav,S"]
[Result "1-0"]
[WhiteElo "2410"]
[BlackElo "2027"]

1.d4 Nf6 2.c4 g6 3.Nf3 Bg7 4.Nc3 d5 5.Qb3 dxc4 6.Qxc4 O-O 7.e4 c6 8.Be2 b5
9.Qb3 a5 10.Qc2 e5 11.dxe5 Ng4 12.Bg5 Qb6 13.O-O Nxe5 14.Rfd1 Ng4 15.Bh4 Qc5
16.Rac1 Na6 17.h3 Ne5 18.Nxe5 Bxe5 19.Qd2 Qa7 20.Kh1 Be6 21.f4 Bg7 22.e5 Rfc8
23.b3 Nc7 24.Ne4 Nd5 25.Nd6 Rc7 26.Bf3 Rb8 27.f5 gxf5 28.Bxd5 Bxd5 29.Bf2 Qa8
30.Nxf5 Be6 31.Nxg7 Kxg7 32.Qg5+ Kh8 33.Qf6+ Kg8 34.Be3 Kf8 35.Qh8+ {#r} 1-0

[Event "12th American Continental"]
[Site "Medellin COL"]
[Date "2017.06.11"]
[Round "2.13"]
[White "Garavito,M"]
[Black "Peralta,Fe"]
[Result "0-1"]
[WhiteElo "2247"]
[BlackElo "2569"]

1.d4 Nf6 2.Nf3 d5 3.c4 e6 4.g3 Bb4+ 5.Bd2 Be7 6.Bg2 O-O 7.O-O Nbd7 8.cxd5 exd5
9.Nc3 c6 10.Qc2 Re8 11.Nh4 Nb6 12.b3 Ne4 13.Nxe4 dxe4 14.Qxe4 Bxh4 15.Qxh4
Qxh4 16.gxh4 Rxe2 17.Be3 Bf5 18.Rfc1 Rd8 19.Rc5 Nd5 20.Bxd5 Rxd5 21.Rxd5 cxd5
22.h3 Bxh3 23.Rc1 Rxa2 24.Rc7 b6 25.Bf4 h5 26.Rb7 Rb2 27.Rxa7 Rxb3 28.Bd6 Be6
29.Ra4 Rc3 30.Rb4 Rc6 31.Be7 Bd7 32.Kg2 b5 33.Kf3 Rc3+ 34.Kg2 Kh7 35.Rb2 Kg6
36.Re2 Rd3 37.Bc5 Rh3 38.Re7 Bf5 39.Rb7 Rxh4 40.Rxb5 Rg4+ 41.Kf3 h4 42.Rb8 h3
43.Rh8 Rg2 44.Ke2 h2 45.Kf3 Be4+ 46.Ke3 Rxf2 47.Kxf2 h1=Q 48.Rxh1 Bxh1 49.Bf8
f6 50.Be7 Kf7 51.Bd8 g5 52.Kg3 Kg6 53.Kh2 Be4 54.Kg3 Bd3 55.Kf3 Bb5 56.Ke3 f5
57.Kf3 f4 {#R} 0-1

[Event "12th American Continental"]
[Site "Medellin COL"]
[Date "2017.06.11"]
[Round "2.15"]
[White "Cortes Orihuela,Javier"]
[Black "Cruz,Cr"]
[Result "0-1"]
[WhiteElo "2235"]
[BlackElo "2558"]

1.d4 e6 2.c4 Nf6 3.g3 Bb4+ 4.Bd2 a5 5.Bg2 d6 6.Nf3 Nbd7 7.O-O e5 8.Be3 exd4
9.Bxd4 O-O 10.Nc3 Bc5 11.Qc2 Re8 12.Rad1 Qe7 13.e4 Bxd4 14.Nxd4 Nc5 15.Rfe1
Bg4 16.f3 Bd7 17.h3 Rad8 18.f4 Bc8 19.e5 dxe5 20.fxe5 Nfd7 21.Nd5 Qg5 22.h4
Qg4 23.Nf5 Kh8 24.Nxc7 Rf8 25.Rd4 Qg6 26.Rd6 Ne6 27.Nxe6 fxe6 28.Nd4 Qxg3
29.Qc3 Qf2+ 30.Kh1 Qxh4+ 31.Kg1 Qf2+ 32.Kh1 Nxe5 33.Rxd8 Rxd8 34.Rxe5 Rxd4
35.Rc5 Rh4+ {#R} 0-1

[Event "CHN Team Women 2017"]
[Site "Beijing CHN"]
[Date "2017.06.10"]
[Round "5.5"]
[White "Ren,Xiaoyi"]
[Black "Liu,Manli"]
[Result "0-1"]
[WhiteElo "2287"]
[BlackElo "2173"]
[EventType "team"]

1.d4 Nf6 2.c4 e6 3.Bf4 d5 4.e3 Be7 5.Nc3 O-O 6.Nf3 b6 7.Bd3 dxc4 8.Bxc4 Ba6
9.Bxa6 Nxa6 10.O-O c5 11.Qe2 Qc8 12.Rac1 Qb7 13.a3 Rac8 14.h3 Rfd8 15.Rfd1
cxd4 16.Nxd4 Nc5 17.Be5 a6 18.b4 Ncd7 19.Bg3 Nf8 20.Rc2 h6 21.Rb1 b5 22.Rbc1
N8d7 23.Nb3 Nb6 24.Na5 Qa8 25.e4 Nc4 26.e5 Ne8 27.Ne4 Nxa5 28.bxa5 Bxa3
29.Rxc8 Rxc8 30.Ra1 Qc6 31.Bf4 Be7 32.Qe3 Qd5 33.Kh1 b4 34.f3 Rc4 35.Qa7 Nc7
36.Qb6 Qa8 37.Bg3 Nd5 38.Qf2 Qc6 39.Qb2 Rc2 40.Qd4 b3 41.Kh2 Rc1 42.Nd2 Rxa1
43.Qxa1 Qc2 44.Be1 Bb4 45.Nxb3 Qxb3 46.Bxb4 Qxb4 47.Kh1 Qd2 {#R} 0-1

[Event "9th Capo d'Orso Open 2017"]
[Site "Porto Mannu Palau ITA"]
[Date "2017.06.09"]
[Round "8.13"]
[White "Bayer,Be"]
[Black "Yugina,M"]
[Result "1-0"]
[WhiteElo "2421"]
[BlackElo "2050"]

1.d4 Nf6 2.c4 e6 3.g3 d5 4.Bg2 Be7 5.Nf3 c6 6.Qc2 Nbd7 7.O-O O-O 8.Rd1 Ne4
9.b3 a6 10.Bb2 f5 11.e3 Ndf6 12.Ne5 Bd7 13.f3 Nd6 14.Nc3 b5 15.Qe2 a5 16.a3
Rb8 17.Rab1 Qc7 18.Rdc1 Qa7 19.c5 Nf7 20.Nd3 Bc8 21.b4 Nd7 22.e4 Bf6 23.Kh1 e5
24.dxe5 dxe4 25.exf6 exd3 26.Qe7 gxf6 27.f4 Rb7 28.Qe3 Rd8 29.Bxc6 Nf8 30.Nd5
Rxd5 31.Bxd5 Rd7 32.Qxd3 Rxd5 33.Qxd5 Be6 34.Qd4 Nd7 35.c6 {#r} 1-0

[Event "FSGM June 2017"]
[Site "Budapest HUN"]
[Date "2017.06.11"]
[Round "9.4"]
[White "Ilincic,Z"]
[Black "Tan,Ju2"]
[Result "0-1"]
[WhiteElo "2399"]
[BlackElo "2448"]

1.d4 Nf6 2.c4 e6 3.g3 d5 4.Bg2 Bb4+ 5.Bd2 Be7 6.Nf3 O-O 7.O-O Nbd7 8.Qc2 c6
9.Rd1 b6 10.a4 a5 11.b3 Ba6 12.e3 Rc8 13.Bf1 c5 14.Na3 cxd4 15.exd4 Ne4 16.Nb5
Nxd2 17.Qxd2 Bb4 18.Qe3 Bb7 19.Rac1 Qe7 20.Bg2 h6 21.Rc2 Rfe8 22.Rdc1 dxc4
23.bxc4 e5 24.d5 Bc5 25.Qd2 Qf6 26.Qd1 e4 27.Nfd4 e3 28.fxe3 Rxe3 29.Rf2 Qg6
30.Bh3 Rd8 31.Bf5 Qg5 32.Nc6 Rxg3+ 33.hxg3 Bxf2+ 34.Kxf2 Qxf5+ 35.Kg1 Bxc6
36.dxc6 Qc5+ 37.Qd4 Qxc6 38.Rd1 Kh8 39.Kf2 Kg8 40.Rd3 h5 41.Nc3 Kf8 42.Rd1 Re8
43.Qd6+ Qxd6 44.Rxd6 Ke7 45.Rc6 Kd8 46.Nd5 Re6 47.Rc7 Rd6 48.Ra7 Rc6 49.Ra8+
Rc8 50.Ra7 g6 51.Ke2 Ke8 52.Ke3 Rb8 53.Kd4 Nc5 54.Ke5 Kf8 55.Kd6 Rd8+ 56.Kc7
Rd7+ 57.Kxb6 Nxa4+ 58.Ka6 Nc5+ 59.Kb6 Rxa7 60.Kxa7 a4 61.Kb6 a3 62.Nb4 Ne4
63.c5 Nxg3 64.c6 Nf5 65.c7 Ne7 66.Kb7 a2 67.Nxa2 h4 68.Nc3 h3 69.Nd5 h2
70.Nxe7 h1=Q+ 71.Nc6 Qb1+ 72.Ka8 Qf5 73.Na7 g5 74.c8=Q+ Qxc8+ 75.Nxc8 g4
76.Nb6 g3 77.Nd7+ Ke7 78.Ne5 g2 79.Nf3 Kd6 80.Kb7 f5 81.Kb6 Kd5 82.Kb5 Ke4
83.Ng1 f4 84.Kc4 f3 85.Nh3 Ke3 {#R} 0-1

[Event "CHN Team Women 2017"]
[Site "Beijing CHN"]
[Date "2017.06.12"]
[Round "7.4"]
[White "Li Xueyi"]
[Black "Xu Tong"]
[Result "1-0"]
[WhiteElo "2146"]
[BlackElo "2176"]
[EventType "team"]

1.d4 d5 2.c4 e6 3.g3 Nf6 4.Bg2 Be7 5.Nf3 O-O 6.O-O b6 7.b3 Bb7 8.Bb2 Nbd7 9.a4
c5 10.cxd5 Nxd5 11.Na3 a6 12.e4 N5f6 13.e5 Nd5 14.Qe2 Rc8 15.Nc4 Qc7 16.h4
Rfd8 17.Ng5 h6 18.Ne4 Qc6 19.Rfc1 f5 20.exf6 N7xf6 21.Ne5 Qe8 22.dxc5 Nxe4
23.Bxe4 Bxc5 24.Bg6 Qe7 25.Bf7+ Qxf7 26.Nxf7 Kxf7 27.Re1 Re8 28.Qh5+ Kg8
29.Qg6 Re7 30.Rxe6 Rf7 31.Re2 Ne7 32.Qe6 a5 33.Rd2 Bc6 34.Rad1 Rf8 35.Rd8 Kh7
36.Rxf8 Rxf8 37.Rd2 Rf3 38.Bd4 Bb4 39.Rd1 Bd5 40.Qe5 Rf7 41.Bxb6 Bxb3 42.Qe4+
g6 43.Rd8 Ng8 44.Bd4 Re7 45.Qd3 Be6 46.Bb2 Bf5 47.Qd4 {#r} 1-0

[Event "18th ch-EUR Indiv 2017"]
[Site "Minsk BLR"]
[Date "2017.06.10"]
[Round "11.76"]
[White "Petrosyan,M"]
[Black "Pavlov,S2"]
[Result "1-0"]
[WhiteElo "2546"]
[BlackElo "2432"]

1.d4 Nf6 2.c4 e6 3.Nf3 d5 4.g3 dxc4 5.Qa4+ Nbd7 6.Bg2 a6 7.Qxc4 b5 8.Qc2 Bb7
9.Bg5 c5 10.Bxf6 Qxf6 11.O-O Rc8 12.Rc1 cxd4 13.Qxc8+ Bxc8 14.Rxc8+ Ke7 15.Ne1
Qe5 16.Kf1 Nc5 17.f4 Qh5 18.Nd2 d3 19.Nef3 dxe2+ 20.Kxe2 g6 21.Rd1 Qd5 22.Ne1
Qh5+ 23.Ndf3 Kf6 24.Rc7 e5 25.Rd5 Ne6 26.Rc6 Qf5 27.Nxe5 Kg7 28.N1d3 Be7 29.g4
Nxf4+ 30.Kf3 Qg5 31.Nxf4 Qh4 32.Rd7 Re8 33.Ned3 h5 34.h3 hxg4+ 35.hxg4 Rd8
36.Rxd8 Bxd8 37.Rd6 Qe7 38.Rd5 Bb6 39.Ne5 Qh4 40.Ned3 Qe7 41.Re5 Qb7+ 42.Kg3
Qd7 43.Rd5 Qe7 44.g5 b4 45.Kg4 a5 46.b3 Bc7 47.Bf3 Qe3 48.Rd7 Qg1+ 49.Kh3 Qe3
50.Rxc7 Qxf3+ 51.Kh2 Qe3 52.Rc2 Qf3 53.Rc5 Qa8 54.Kg3 Qa6 55.Kf3 Qa8+ 56.Ke3
Qd8 57.Ke4 Kf8 58.Ne5 Kg7 59.Ned3 Kf8 60.Rd5 Qc7 61.Nc5 Qe7+ 62.Nce6+ Kg8
63.Rd8+ Kh7 64.Rd7 Qe8 65.Ke3 {#r} 1-0

[Event "18th ch-EUR Indiv 2017"]
[Site "Minsk BLR"]
[Date "2017.06.06"]
[Round "7.97"]
[White "Santos Latasa,J"]
[Black "Grib,R"]
[Result "1-0"]
[WhiteElo "2567"]
[BlackElo "2415"]

1.d4 Nf6 2.c4 e6 3.g3 d5 4.Bg2 dxc4 5.Nf3 Bb4+ 6.Bd2 Bd6 7.O-O O-O 8.Bg5 h6
9.Bxf6 Qxf6 10.Nbd2 Nc6 11.Nxc4 e5 12.d5 Ne7 13.Rc1 Rd8 14.Nfd2 Nf5 15.e3 g6
16.Qb3 h5 17.Nxd6 cxd6 18.Rc7 Rd7 19.Rxd7 Bxd7 20.Qxb7 Qd8 21.Ne4 Kg7 22.Rc1
Rb8 23.Qc7 Qe8 24.Nxd6 Nxd6 25.Qxd6 Rxb2 26.h4 Bg4 27.Rc7 Rb6 28.Qc5 Qa4
29.Qe7 Qd1+ 30.Kh2 Rf6 31.Qxe5 Qd2 32.Rc4 {#r} 1-0

[Event "12th Teplice Open 2017"]
[Site "Teplice CZE"]
[Date "2017.06.11"]
[Round "2.6"]
[White "Jedlicka,A"]
[Black "Vorobiov,E"]
[Result "0-1"]
[WhiteElo "2199"]
[BlackElo "2591"]

1.d4 Nf6 2.c4 e6 3.g3 d5 4.Nf3 dxc4 5.Bg2 a6 6.O-O Nc6 7.Nc3 Rb8 8.e4 Be7 9.d5
Nb4 10.Ne5 exd5 11.exd5 Bf5 12.a3 Nd3 13.Nxc4 Nxc1 14.Rxc1 O-O 15.b4 Re8
16.Re1 Bf8 17.Rxe8 Nxe8 18.Ne3 Bd7 19.Ne4 a5 20.Qb3 axb4 21.axb4 Nd6 22.Nxd6
Bxd6 23.Nc4 Bf8 24.b5 Qg5 25.Ne3 Qd8 26.h4 b6 27.Qd3 Bc5 28.Be4 h6 29.Bh7+ Kf8
30.Bf5 Be8 31.Re1 Ra8 32.Ng4 Ra3 33.Qe2 Rxg3+ 34.Kf1 Rb3 35.Bd3 Rxd3 36.Qxd3
Qxh4 37.Rxe8+ Kxe8 38.Qf5 Qg5 39.Qc8+ Qd8 40.Qf5 Bd6 41.Ne3 g6 42.Qh3 h5
43.Qf3 Kf8 {#R} 0-1

[Event "9th Capo d'Orso Open 2017"]
[Site "Porto Mannu Palau ITA"]
[Date "2017.06.10"]
[Round "9.10"]
[White "Feiler,J"]
[Black "Guttenthaler,F"]
[Result "0-1"]
[WhiteElo "2103"]
[BlackElo "2334"]

1.d4 Nf6 2.c4 e6 3.Nf3 d5 4.g3 dxc4 5.Bg2 a6 6.Ne5 Bb4+ 7.Kf1 Be7 8.Nc3 O-O
9.Bg5 h6 10.h4 c5 11.e3 Nbd7 12.Qe2 Nxe5 13.dxe5 Nd7 14.Rd1 hxg5 15.Qh5 gxh4
16.Be4 f5 17.exf6 Nxf6 18.Qxh4 Qe8 19.Bh7+ Kf7 20.Ne4 Rh8 21.Nxf6 Rxh7 22.Qxh7
Bxf6 23.Qh5+ Kf8 24.Qxc5+ Kg8 25.Qxc4 Bd7 26.Qd3 {#R} 0-1

[Event "9th Capo d'Orso Open 2017"]
[Site "Porto Mannu Palau ITA"]
[Date "2017.06.10"]
[Round "9.11"]
[White "Bevilacqua,M"]
[Black "Calavalle,G"]
[Result "0-1"]
[WhiteElo "2095"]
[BlackElo "2253"]

1.d4 Nf6 2.c4 e6 3.Nf3 d5 4.g3 dxc4 5.Bg2 Bb4+ 6.Bd2 Be7 7.Qc2 O-O 8.O-O Nbd7
9.a4 c5 10.Na3 cxd4 11.Nxc4 Nc5 12.Nfe5 Nd5 13.Rfd1 f6 14.Nd3 b6 15.b4 Nxd3
16.Qxd3 Rb8 17.Qxd4 Bb7 18.Qb2 Qe8 19.e4 Nc7 20.Qb3 Qf7 21.Be3 Rfd8 22.f3 e5
23.Bh3 Na6 24.Bd2 Bc8 25.Bxc8 Rbxc8 26.Rac1 Rc7 27.Rc2 Nxb4 {#R} 0-1

[Event "CHN Team Men 2017"]
[Site "Beijing CHN"]
[Date "2017.06.06"]
[Round "1.5"]
[White "Lin,Yi"]
[Black "Xu,Yinglun"]
[Result "0-1"]
[WhiteElo "2392"]
[BlackElo "2536"]
[EventType "team"]

1.d4 Nf6 2.c4 e6 3.Nf3 d5 4.g3 dxc4 5.Bg2 c6 6.Ne5 c5 7.Na3 cxd4 8.Naxc4 Bc5
9.O-O O-O 10.Bf4 Nd5 11.Rc1 a5 12.Qb3 a4 13.Qf3 f6 14.Nd3 Be7 15.Bxb8 Rxb8
16.Qe4 b5 17.Nd2 Nb6 18.Nc5 Bxc5 19.Rxc5 Qd6 20.b4 axb3 21.Nxb3 e5 22.Rxb5 Bb7
23.Qc2 Rfc8 24.Rc5 Bxg2 25.Kxg2 Qd5+ 26.Kg1 Rxc5 27.Qxc5 Qxc5 28.Nxc5 Rc8
29.Rc1 Nd5 30.Kf1 Ra8 31.a4 Nb6 32.Ne6 Kf7 33.Nc5 Nxa4 34.Ra1 Nb6 35.Rb1 Rc8
36.Rb5 Rc6 37.f4 exf4 38.gxf4 Nd5 39.Nd3 Ke6 40.Kf2 Rc7 41.Kf3 Nc3 42.Ra5 Kf7
43.Nc5 Re7 44.f5 Re3+ 45.Kf4 Rxe2 46.Ne6 d3 47.Ra7+ Ke8 {#R} 0-1

[Event "12th American Continental"]
[Site "Medellin COL"]
[Date "2017.06.11"]
[Round "2.54"]
[White "Valenzuela Gomez,F"]
[Black "Puppi Lazo,Jorge Luis"]
[Result "1-0"]
[WhiteElo "2377"]
[BlackElo "2120"]

1.d4 Nf6 2.Nf3 e6 3.c4 d5 4.g3 Be7 5.Bg2 O-O 6.O-O dxc4 7.Qc2 a6 8.a4 Bd7
9.Qxc4 Bc6 10.Bg5 Bd5 11.Qd3 Be4 12.Qd1 Nc6 13.Nbd2 Bg6 14.e3 h6 15.Bxf6 Bxf6
16.Rc1 e5 17.Rxc6 bxc6 18.dxe5 Be7 19.Nd4 Bb4 20.Bxc6 Bd3 21.Re1 Rb8 22.Qc1
Rb6 23.Rd1 Qe7 24.N2b3 Bg6 25.a5 Rbb8 26.f4 Bh5 27.Rf1 Bg4 28.Qc4 Rfd8 29.Qxa6
Bc5 30.Qc4 Ba7 31.Qc3 Be6 32.Nd2 Rb4 33.Nb5 Rxb2 34.Rf2 Bxe3 35.Qxe3 Qb4
36.Qc3 Qxc3 37.Nxc3 Rbxd2 38.Rxd2 Rxd2 39.a6 Rd3 40.a7 {#r} 1-0

[Event "10th Mayors Cup Open 2017"]
[Site "Mumbai IND"]
[Date "2017.06.07"]
[Round "5.13"]
[White "Neelotpal,D"]
[Black "Raja,Rithvik R"]
[Result "1-0"]
[WhiteElo "2438"]
[BlackElo "2155"]

1.d4 Nf6 2.Nf3 e6 3.c4 d5 4.g3 Be7 5.Bg2 O-O 6.O-O dxc4 7.Qc2 a6 8.a4 Bd7
9.Qxc4 Bc6 10.Bg5 Bd5 11.Qd3 c5 12.Nc3 cxd4 13.Nxd5 Nxd5 14.Bxe7 Qxe7 15.Nxd4
Rd8 16.Rfd1 Nc6 17.Nxc6 bxc6 18.Qc4 Nb4 19.a5 g6 20.Bf3 Rab8 21.h4 h5 22.Kg2
Rb5 23.Bxc6 Rxd1 24.Rxd1 Rxa5 25.Bf3 Rb5 26.Qc8+ Kh7 27.Rd7 Qf6 28.Qf8 {#r}
1-0

[Event "10th Mayors Cup Open 2017"]
[Site "Mumbai IND"]
[Date "2017.06.11"]
[Round "10.1"]
[White "Nguyen Duc Hoa"]
[Black "Neelotpal,D"]
[Result "1-0"]
[WhiteElo "2481"]
[BlackElo "2438"]

1.d4 Nf6 2.c4 e6 3.Nf3 d5 4.g3 Be7 5.Bg2 O-O 6.O-O dxc4 7.Ne5 Nc6 8.Nxc6 bxc6
9.Na3 Ba6 10.Qa4 Qc8 11.Nxc4 Nd5 12.Bd2 Rb8 13.b3 Rd8 14.Rfc1 Nb4 15.a3 Nd5
16.Ne5 Bb5 17.Qa5 Rb6 18.a4 Ra6 19.axb5 Rxa5 20.Bxa5 cxb5 21.Bxc7 Nxc7 22.Rxa7
Bd6 23.Bb7 Qb8 24.Nc6 Qxa7 25.Nxa7 b4 26.e4 Rb8 27.Nc8 Nb5 28.Nxd6 Nxd6 29.Bc6
Rc8 30.Rc5 Kf8 31.f3 Ke7 32.Kf2 f6 33.Ke3 g5 34.Kd3 Kd8 35.Ba4 e5 36.Rd5 Rc3+
37.Ke2 Kc7 38.dxe5 fxe5 39.Rxe5 Nb7 40.Rxg5 Nc5 41.Rg7+ Kb6 42.Rxh7 Nxb3
43.Bxb3 Rxb3 44.Rd7 Kc5 45.e5 Ra3 46.f4 b3 47.Rb7 Kc4 48.e6 Ra2+ 49.Kf3 b2
50.e7 {#r} 1-0

[Event "44th OKU 2017"]
[Site "Utrecht NED"]
[Date "2017.06.09"]
[Round "1.5"]
[White "Lalic,B"]
[Black "De Groot,Pieter"]
[Result "1-0"]
[WhiteElo "2445"]
[BlackElo "2097"]

1.d4 Nf6 2.c4 e6 3.g3 d5 4.Bg2 Be7 5.Nf3 O-O 6.O-O Nbd7 7.Qc2 c6 8.Rd1 b6
9.Nc3 Bb7 10.b3 Rc8 11.e4 dxe4 12.Nxe4 Nxe4 13.Qxe4 Qe8 14.Bb2 Rc7 15.Qc2 Qc8
16.Bc1 Qa8 17.Bf4 Rcc8 18.c5 Rfd8 19.b4 Nf8 20.h4 bxc5 21.bxc5 a5 22.h5 h6
23.Ne5 Bf6 24.Rab1 Bxe5 25.dxe5 Rxd1+ 26.Rxd1 a4 27.Rd6 Qa5 28.Bd2 Qa7 29.a3
Qa8 30.Bb4 Rc7 31.Qd2 Rc8 32.Qd1 Re8 33.Be4 Nh7 34.Bc2 f6 35.Bxh7+ Kxh7
36.exf6 {#r} 1-0

[Event "12th Teplice Open 2017"]
[Site "Teplice CZE"]
[Date "2017.06.12"]
[Round "3.12"]
[White "Dobrowolski,P"]
[Black "Grela,K"]
[Result "0-1"]
[WhiteElo "2421"]
[BlackElo "2310"]

1.d4 Nf6 2.Nf3 e6 3.c4 c5 4.e3 cxd4 5.exd4 d5 6.Nc3 Nc6 7.c5 Be7 8.Bb5 O-O
9.O-O Qc7 10.Re1 Bd7 11.Rb1 a5 12.Na4 Rad8 13.g3 b6 14.Bf4 Qb7 15.cxb6 Ne4
16.Rc1 Rc8 17.Qe2 Nb4 18.a3 Bxb5 19.Qxb5 Nc6 20.Re2 g5 21.Rec2 gxf4 22.Rxc6
Nd6 23.Qc5 Rxc6 24.Qxc6 Rc8 25.Qxc8+ Nxc8 26.Rc7 Qb8 27.Nc5 Bxc5 28.dxc5 Nxb6
29.cxb6 Qxb6 30.Rc2 fxg3 31.hxg3 Qb3 32.Ne1 d4 33.Rd2 e5 34.Nd3 e4 35.Nc5 Qd5
36.b4 axb4 37.axb4 d3 38.Rd1 Qc4 {#R} 0-1

[Event "18th ch-EUR Indiv 2017"]
[Site "Minsk BLR"]
[Date "2017.06.06"]
[Round "7.50"]
[White "Pashikian,A"]
[Black "Usmanov,V"]
[Result "1-0"]
[WhiteElo "2603"]
[BlackElo "2443"]

1.d4 Nf6 2.Nf3 e6 3.c4 Bb4+ 4.Bd2 Qe7 5.g3 Bxd2+ 6.Qxd2 Nc6 7.e3 d5 8.Qc3 Ne4
9.Qc1 Qb4+ 10.Nbd2 dxc4 11.a3 Qa5 12.Bg2 Bd7 13.Qxc4 Qd5 14.O-O Nxd2 15.Nxd2
Qxc4 16.Nxc4 a5 17.Rfc1 Ke7 18.Nd2 Rhc8 19.Rc3 a4 20.Rac1 Ra6 21.Bf1 Ra7
22.Ne4 Be8 23.Bg2 Ra6 24.Nc5 Ra7 25.R1c2 Rb8 26.Nxb7 Raxb7 27.Bxc6 Rxb2
28.Rxb2 Rxb2 29.Bxe8 Kxe8 30.Rc4 Kd7 31.Rxa4 Ra2 32.Ra5 Kd6 33.g4 f6 34.Kg2 e5
35.Kf3 exd4 36.exd4 g5 37.h3 c6 38.Ke3 Ke6 39.Ra6 Kd5 40.Ra5+ Ke6 41.a4 Ra3+
42.Ke4 Rxh3 43.Ra6 Kd7 44.Ra7+ Ke6 45.a5 h5 46.Ra6 Kd7 47.gxh5 Rxh5 48.Ra7+
Ke6 49.a6 Rh3 50.f3 f5+ 51.Ke3 g4 52.Ra8 Rxf3+ 53.Ke2 Ra3 54.a7 Ra2+ 55.Ke3
Ra3+ 56.Ke2 Ra2+ 57.Ke3 Ra3+ 58.Kf4 Rf3+ 59.Kg5 Ra3 60.Re8+ Kd5 61.a8=Q Rxa8
62.Rxa8 Kxd4 63.Kxf5 c5 64.Kxg4 c4 65.Kf3 Kd3 66.Rd8+ Kc2 67.Ke2 c3 68.Rc8
{#r} 1-0

[Event "18th ch-EUR Indiv 2017"]
[Site "Minsk BLR"]
[Date "2017.06.10"]
[Round "11.60"]
[White "Potkin,V"]
[Black "Usmanov,V"]
[Result "1-0"]
[WhiteElo "2588"]
[BlackElo "2443"]

1.d4 Nf6 2.c4 e6 3.Nf3 Bb4+ 4.Nbd2 O-O 5.a3 Be7 6.e4 d6 7.Be2 Nfd7 8.Nb1 e5
9.d5 Nc5 10.Nc3 a5 11.Be3 Bg4 12.Bxc5 Bxf3 13.Bxd6 Bxg2 14.Bxe7 Qxe7 15.Rg1
Bh3 16.Qd2 Na6 17.Qh6 {#r} 1-0